El entretenimiento preventivo / (Record no. 120272)

MARC details
000 -LEADER
campo de control de longitud fija 00749nam a2200217 4500
001 - NÚMERO DE CONTROL
campo de control 120272
003 - IDENTIFICADOR DE NÚMERO DE CONTROL
campo de control ES-MaACL
005 - FECHA Y HORA DE LA ÚLTIMA TRANSACCIÓN
campo de control 20250902030018.0
007 - CAMPO FIJO DE DESCRIPCIÓN FÍSICA--INFORMACIÓN GENERAL
campo de control de longitud fija t|
008 - DATOS DE LONGITUD FIJA--INFORMACIÓN GENERAL
campo de control de longitud fija 070214s1966 sp r ||||1| spa d
100 1# - ENTRADA PRINCIPAL--NOMBRE DE PERSONA
Nombre de persona Perier, A.
9 (RLIN) 91265
245 13 - MENCIÓN DEL TÍTULO
Título El entretenimiento preventivo /
Mención de responsabilidad, etc. A. Perier, traducción de Manuel Sinde, José Ignacio Galdeano.
260 ## - PUBLICACIÓN, DISTRIBUCIÓN, ETC.
Lugar de publicación, distribución, etc. Bilbao :
Nombre del editor, distribuidor, etc. Deusto,
Fecha de publicación, distribución, etc. 1966.
300 ## - DESCRIPCIÓN FÍSICA
Extensión 120 p. ;
Dimensiones 22 cm.
490 1# - MENCIÓN DE SERIE
Mención de serie Manuales prácticos de gestión de empresas. Serie b ;
Designación de volumen o secuencia 3
700 1# - ENTRADA AGREGADA--NOMBRE PERSONAL
Nombre de persona Sinde, Manuel.
9 (RLIN) 106615
700 1# - ENTRADA AGREGADA--NOMBRE PERSONAL
Nombre de persona Galdeano, José Ignacio.
9 (RLIN) 53353
830 00 - PUNTO DE ACCESO ADICIONAL DE SERIE-TÍTULO UNIFORME
Título uniforme Manuales prácticos de gestión de empresas (Deusto)
Designación de volumen o secuencia 3
9 (RLIN) 220714
852 ## - LOCALIZACIÓN
Ubicación ES-MaACL
Número de control de estantería C-32804
Sublocalización o colección R.63057
Holdings
Estatus retirado Estado de pérdida Estado de daño No para préstamo Biblioteca de origen Biblioteca actual Ubicación en estantería Fecha de adquisición Fuente de adquisición Total de préstamos Signatura topográfica completa Código de barras Visto por última vez Precio de reemplazo Tipo de ítem Koha
        Biblioteca del Ateneo de Madrid Biblioteca del Ateneo de Madrid Depósito 2 17/01/2008     C-32804 1125361 23/02/2023 23/02/2023 Libro impreso